| 000 | 00854nam a22002297a 4500 | ||
|---|---|---|---|
| 005 | 20180703144811.0 | ||
| 010 | _a1718EN-30 ENG-121826 B-688275-283 | ||
| 020 |
_c160.00 _a9788126047574 |
||
| 035 | _aEN-105358 | ||
| 035 | _a688275-283 | ||
| 037 |
_bSahitya Akadmi _adpl |
||
| 037 | _bDBAD/PUB | ||
| 082 | _aN | ||
| 100 | _aBasu, Bani | ||
| 245 |
_aKhauna mihir's mound / _cby Bani Basu; translated by Arunava Sinha |
||
| 260 |
_aNew Delhi _bSahitya Academi _c2017 |
||
| 270 |
_bNew Delhi _arabindra bhawan, 35, firoz shah marg _e110001 |
||
| 300 |
_a227p. _c21cm(pbk) |
||
| 700 |
_aSinha, Arunava _923015 |
||
| 942 |
_2ddc _cEN _mBAS _hN |
||
| 999 |
_c146190 _d146190 |
||